000 00445nam a2200181Ia 4500
005 20240823062329.0
008 240823s9999||||xx |||||||||||||| ||und||
041 _aENGLISH
082 _A621.367 N5
100 _aAnil K Jain
245 0 _aFundamentals of Digital Image Processing
250 _a1st
260 _c1995
_b"PHI,New Delhi"
500 _aTRANSFERED
650 _aImage Processing
_bElectronics
942 _cBK
999 _c235621
_d235621